Top 50 MLB Players of All Time - Statistics

General Stats
  • This quiz has been taken 106 times
  • The average score is 35 of 50
Answer Stats
# Years Position Player Teams % Correct
2 1914-1935 OF/SP Babe Ruth BOS,NYY,BSN
100%
4 1986-2007 OF Barry Bonds SFG,PIT
92%
1 1989-2010 OF Ken Griffey Jr SEA,CIN,CHW
90%
9 1951-1968 OF Mickey Mantle NYY
87%
10 2011- OF Mike Trout LAA
86%
20 1988-2009 SP Randy Johnson MON,SEA,HOU,ARI,NYY,SFG
86%
3 1939-1960 OF Ted Williams BOS
86%
5 1951-1973 OF Willie Mays SFG,NYM
86%
16 1994-2016 3B/SS Alex Rodriguez SEA,TEX,NYY
85%
19 2001- 1B/DH/3B Albert Pujols STL,LAA
82%
15 1923-1939 1B Lou Gehrig NYY
82%
12 1954-1976 OF/1B Hank Aaron ATL,MIL
81%
6 1966-1993 SP Nolan Ryan NYM,CAL,HOU,TEX
80%
14 1981-2001 SS/3B Cal Ripken Jr BAL
77%
46 2003- 3B/1B/DH Miguel Cabrera FLA,DET
77%
21 2001-2019 OF Ichiro Suzuki SEA,NYY,MIA
76%
27 1967-1983 C Johnny Bench CIN
75%
11 1979-2003 OF Ricky Henderson OAK,NYY,SDP,NYM,BOS,LAD,ANA,SEA,TOR
75%
24 1955-1972 OF Roberto Clemente PIT
75%
8 1936-1951 OF Joe DiMaggio NYY
73%
38 1967-1987 OF Reggie Jackson OAK,BAL,NYY,CAL
73%
50 1955-1977 3B Brooks Robinson BAL
72%
22 1959-1980 OF/1B Frank Robinson SFG,SDP,OAK
72%
18 1947-1956 2B/3B/1B Jackie Robinson BRO
72%
28 1890-1911 SP Cy Young CLV,STL,BOS,CLE,BSN
68%
30 1986-2008 SP Greg Maddux CHC,ATL,LAD,SDP
68%
35 1995-2013 RP Mariano Rivera NYY
68%
25 1963-1986 3B/OF/1B Pete Rose CIN,PHI,MON
68%
37 1984-2007 SP Roger Clemens BOS,TOR,NYY,HOU
68%
33 1955-1966 SP Sandy Koufax LAD
68%
13 1905-1928 OF Ty Cobb DET,PHA
68%
7 1959-1975 SP Bob Gibson STL
67%
49 1993-2012 3B/OF Chipper Jones ATL
67%
32 1992-2009 SP Pedro Martinez LAD,MON,BOS,NYM,PHI
67%
17 1973-1993 3B/1B George Brett KCR
66%
29 1972-1989 3B/1B Mike Schmidt PHI
66%
23 1941-1963 1B/OF Stan Musial STL
66%
34 1953-1971 SS/1B Ernie Banks CHC
62%
43 1946-1965 C/OF Yogi Berra NYY
62%
36 1961-1983 OF/1B Carl Yastrzemski BOS
61%
42 1982-2001 OF Tony Gwynn SDP
58%
45 1982-1999 3B Wade Boggs BOS,NYY,TBD
57%
40 1967-1986 SP Tom Seaver NYM,CIN,CWH,BOS
53%
26 1963-1984 2B Joe Morgan HOU,CIN,SFG,PHI,OAK
51%
47 1953-1974 OF/1B Al Kaline DET
44%
41 1959-1980 OF/1B Willie Mccovey SFG,SDP,OAK
44%
48 1900-1916 SP Christy Mathewson NYG,CIN
42%
31 1965-1988 SP Steve Carlton STL,PHI,SFG,CWH,MIN
42%
44 1967-1985 2B/1B Rod Carew MIN,CAL
41%
39 1926-1947 OF/3B Mel Ott NYG
37%
No matching quizzes found
Score Distribution
Percent of People with Each Score
Percentile by Number Answered
Your Score History
You have not taken this quiz